000 00740nam a2200205 a 4500
003 0
005 20250220090224.0
008 110617s19uu xx 00 eng d
050 _aPHS BF 724.3.C64
_b.L51 2011
100 _aLee, Ja Hyun.
245 _aCoping preference of male and female SISC Korean high school students /
_cLee Ja Hyun.
260 _aLas PiƱas City, Philippines :
_bSouthville International School and Colleges,
_c2011.
300 _a24 pages :
_billustrations ;
_c28 cm.
504 _aIncludes bibliographical references.
650 _aCoping (Psychology).
650 _aKorean students
_xPsychology.
650 _aGender differences (Psychology).
650 _aHigh school students
_xPsychology.
942 _2lcc
_cPASS
999 _c98549
_d98549